| 000 | 00565nam a22001697a 4500 | ||
|---|---|---|---|
| 010 | _aENG-120562 | ||
| 020 |
_a9789382459347 _c120.00 |
||
| 035 | _aEN-104094 | ||
| 037 | _bDBAD/PUB | ||
| 082 | _a581.1 | ||
| 245 |
_aplant functions / _cby Annie Ragland...[et.al.] |
||
| 260 |
_aKanyakumari _bSaras publications _c2014 |
||
| 270 |
_a114/35G, A.R.P. Camp Road, Periavilai, Kottar P.O., Nagercoil, _bKanyakumari _e629002 |
||
| 300 |
_axii,306p. : _b24cm(pbk). _cill. |
||
| 500 | _aIncludes bibliographical refernce | ||
| 942 |
_2ddc _cEN _h581.1 _mPLA |
||
| 999 |
_c144559 _d144559 |
||